000 01144nam0a22002891 4500
001 rc\896142
005 20250622033542.0
035 _a(NLR Aleph) 006072344
090 _a5014464
_c5014464
100 _a20041129d1984 |||y0rusy50 ca
101 0 _arus
102 _aRU
105 _aa |||||||||
200 1 _aОтморожения конечностей
_eЭкстр. помощь и лечение
210 _aМ.
_cМедицина
_d1984
215 _a112 с.
_cил.
_d20
225 1 _aБиблиотека практического врача
_iНеотложная помощь
300 _aНа обороте тит. л. авт.: Р.И. Муразян, проф., С.В. Смирнов, к. м. н.
320 _aБиблиогр.: с. 109-111
700 1 _aМуразян
_bР.И.
_gРафаэль Иванович
701 1 _7ca
_8rus
_aСмирнов
_bС. В.
_cд-р мед. наук, хирургия
_f1939-2017
_gСергей Владимирович
_92648278
_3RU\NLR\AUTH\770276311
801 0 _aRU
_bNLR
_gpsbo
801 1 _aRU
_bELAR
_2rusmarc
852 _aNLR
_j85-3/1872
942 _cBOOK
980 _aNB